[Event "POR-ch"]
[Site "Portimao"]
[Date "2019.09.12"]
[Round "6"]
[White "Galego, Luis"]
[Black "Leonardo, Joao Paulo L"]
[Result "1-0"]
[WhiteElo "2501"]
[BlackElo "2177"]
[PlyCount "95"]
[EventDate "2019.09.08"]
[EventType "tourn"]
[EventRounds "9"]
[EventCountry "POR"]
[EventCategory "4"]
[SourceTitle "EXT 2020"]
[Source "ChessBase"]
[SourceDate "2019.10.17"]
[SourceVersion "1"]
[SourceVersionDate "2019.10.17"]
[SourceQuality "1"]

1. d4 g6 2. e4 Bg7 3. c3 d6 4. Nf3 c6 5. h3 Nf6 6. Bd3 0-0 7. 0-0 Nbd7 8. e5 Ne8 9. exd6 exd6 10. Bg5 Bf6 11. Bf4 Bg7 12. Nbd2 d5 13. Re1 Ndf6 14. a4 Nd6 15. a5 Re8 16. a6 Nfe4 17. axb7 Bxb7 18. Qc2 f5 19. Be5 Nxd2 20. Nxd2 Bxe5 21. dxe5 Ne4 22. Bxe4 fxe4 23. Nxe4 Rxe5 24. Nc5 Rxe1+ 25. Rxe1 Bc8 26. Qa4 Bd7 27. Qf4 Rc8 28. h4 Bf5 29. h5 Qf8 30. hxg6 Bxg6 31. Qd4 Re8 32. Re3 Qf7 33. b4 Re7 34. f3 Bf5 35. Kf2 Qe8 36. Qf4 Rxe3 37. Qxe3 Qd8 38. Qe5 Bc8 39. Qg3+ Kf8 40. Qf4+ Kg8 41. Nb3 Be6 42. Nd4 Bd7 43. Qd6 Kf7 44. g4 Kg8 45. Ne2 Qe8 46. Nf4 Bc8 47. Nh5 Qe6 48. Qc7 1-0

[Event "POR-ch"]
[Site "Portimao"]
[Date "2019.09.11"]
[Round "4"]
[White "Fernandes, Antonio ETG"]
[Black "Leonardo, Joao Paulo L"]
[Result "1-0"]
[WhiteElo "2368"]
[BlackElo "2177"]
[PlyCount "73"]
[EventDate "2019.09.08"]
[EventType "tourn"]
[EventRounds "9"]
[EventCountry "POR"]
[EventCategory "4"]
[SourceTitle "EXT 2020"]
[Source "ChessBase"]
[SourceDate "2019.10.17"]
[SourceVersion "1"]
[SourceVersionDate "2019.10.17"]
[SourceQuality "1"]

1. Nf3 d6 2. d4 Nf6 3. g3 g6 4. Bg2 Bg7 5. 0-0 0-0 6. c4 Nc6 7. Nc3 Bg4 8. h3 Bxf3 9. Bxf3 Nd7 10. e3 e5 11. dxe5 Ndxe5 12. Be2 Nd7 13. Qc2 Nc5 14. a3 Qd7 15. Kh2 Rae8 16. Bd2 Ne6 17. f4 f5 18. b4 Kh8 19. Rae1 Ne7 20. Bf3 c6 21. Rd1 Qc7 22. Be1 Rd8 23. Qb3 Rfe8 24. Bf2 a6 25. Rd2 Nc8 26. Rfd1 Qf7 27. e4 Qf6 28. Rd3 h6 29. c5 dxc5 30. bxc5 Rxd3 31. Rxd3 Qe7 32. Qc4 Bf8 33. exf5 gxf5 34. Bh5 Rd8 35. Re3 Rd2 36. Rxe6 Qxc5 37. Rxh6+ 1-0

[Event "POR-ch"]
[Site "Portimao"]
[Date "2019.09.09"]
[Round "2"]
[White "Sousa, Andre Ventura"]
[Black "Leonardo, Joao Paulo L"]
[Result "1-0"]
[WhiteElo "2362"]
[BlackElo "2177"]
[PlyCount "37"]
[EventDate "2019.09.08"]
[EventType "tourn"]
[EventRounds "9"]
[EventCountry "POR"]
[EventCategory "4"]
[SourceTitle "EXT 2020"]
[Source "ChessBase"]
[SourceDate "2019.10.17"]
[SourceVersion "1"]
[SourceVersionDate "2019.10.17"]
[SourceQuality "1"]

1. e4 Nc6 2. Nf3 d6 3. d4 Nf6 4. Nc3 g6 5. h3 Bg7 6. Bg5 0-0 7. Qd2 a6 8. d5 Nb8 9. Bh6 e5 10. dxe6 Bxe6 11. Bxg7 Kxg7 12. Nd4 Re8 13. 0-0-0 Nc6 14. g4 Bd7 15. Bg2 Qe7 16. g5 Nh5 17. Nd5 Qd8 18. Bf3 Be6 19. Bxh5 1-0

[Event "Famalicao op 7th"]
[Site "Vila Nova de Famalicao"]
[Date "2019.07.31"]
[Round "6"]
[White "Ribeiro, Orlando Camilo Duar"]
[Black "Leonardo, Joao Paulo L"]
[Result "1-0"]
[WhiteElo "1603"]
[BlackElo "2227"]
[PlyCount "179"]
[EventDate "2019.07.28"]
[EventType "swiss"]
[EventRounds "9"]
[EventCountry "POR"]
[SourceTitle "CBM 191 Extra"]
[Source "ChessBase"]
[SourceDate "2019.09.30"]
[SourceVersion "1"]
[SourceVersionDate "2019.09.30"]
[SourceQuality "1"]

1. e4 d6 2. d4 Nf6 3. Nc3 Nc6 4. Bf4 a6 5. a4 e6 6. Nf3 Be7 7. Bc4 0-0 8. 0-0 d5 9. exd5 exd5 10. Be2 Bf5 11. Ne5 Nb8 12. Bf3 c6 13. Re1 a5 14. Re3 Nbd7 15. Nd3 Re8 16. g4 Bxd3 17. Qxd3 Bb4 18. g5 Bxc3 19. Qxc3 Ne4 20. Qe1 f5 21. Bg2 Nf8 22. f3 Nd6 23. Rxe8 Nxe8 24. Qe3 Nd6 25. b3 Nf7 26. h4 Ng6 27. Bg3 Qd7 28. Re1 f4 29. Bxf4 Nxh4 30. Qe6 Qxe6 31. Rxe6 Kf8 32. Kf2 Nxg2 33. Kxg2 Re8 34. Rxe8+ Kxe8 35. g6 hxg6 36. Bc7 Kd7 37. Bxa5 Nd6 38. Bd2 Nf5 39. c3 Ke6 40. Bg5 Nd6 41. Bf4 Nf7 42. b4 g5 43. Bc7 g4 44. fxg4 Ng5 45. Bg3 Ne4 46. Be1 Nd6 47. Kf3 Kf6 48. Kf4 Nc4 49. a5 Nd6 50. Bh4+ Ke6 51. Kg5 Kf7 52. Kf4 Nc4 53. Be1 Ke6 54. Kf3 Nd6 55. Bh4 Ne4 56. Be1 g5 57. Ke3 Kd7 58. Bd2 Ke6 59. Be1 Nd6 60. Ke2 Ne4 61. Ke3 Nf6 62. Kf3 Ne4 63. Ke2 Kd6 64. Ke3 Kc7 65. Bd2 Kd7 66. Be1 Ke6 67. Ke2 Nd6 68. Bd2 Kf6 69. Be1 Ne4 70. Ke3 Ke7 71. Bd2 Kd7 72. Kd3 Ke6 73. Ke2 Kf6 74. Be1 Kg6 75. Ke3 Nf6 76. Kf3 Kf7 77. Bd2 Ne4 78. Be1 Kf6 79. Ke2 Ke6 80. Ke3 Nd6 81. Ke2 Kf6 82. Kd3 Kg6 83. Ke3 Ne8 84. Ke2 Nf6 85. Kf3 Ne8 86. Bg3 Kf6 87. Be5+ Ke6 88. Ke3 Kf7 89. Kd3 Ke6 90. c4 1-0

[Event "Famalicao op 7th"]
[Site "Vila Nova de Famalicao"]
[Date "2019.07.29"]
[Round "3"]
[White "Leonardo, Joao Paulo L"]
[Black "Petkov, Vladimir"]
[Result "0-1"]
[WhiteElo "2227"]
[BlackElo "2497"]
[PlyCount "80"]
[EventDate "2019.07.28"]
[EventType "swiss"]
[EventRounds "9"]
[EventCountry "POR"]
[SourceTitle "CBM 191 Extra"]
[Source "ChessBase"]
[SourceDate "2019.09.30"]
[SourceVersion "1"]
[SourceVersionDate "2019.09.30"]
[SourceQuality "1"]

1. d3 d5 2. Nf3 Bg4 3. Nbd2 Nc6 4. g3 e5 5. Bg2 Be7 6. e4 dxe4 7. dxe4 Qd7 8. h3 Be6 9. Qe2 0-0-0 10. a3 h5 11. h4 Nh6 12. 0-0 Ng4 13. Nc4 f6 14. c3 Qd3 15. Qxd3 Rxd3 16. Ne3 Nxe3 17. Bxe3 Rhd8 18. Rfe1 Bb3 19. Bf1 R3d6 20. Be2 b6 21. Rec1 Na5 22. c4 R6d7 23. c5 Kb7 24. Rc3 c6 25. cxb6 axb6 26. Rac1 b5 27. Ne1 g6 28. Rd3 Rxd3 29. Bxd3 Nc4 30. Bxc4 Bxc4 31. f3 g5 32. Ng2 Rd3 33. Kf2 Rb3 34. Rc2 c5 35. Ne1 Kc6 36. Bd2 Kd6 37. Bc3 Ke6 38. Ng2 Bd3 39. Rd2 c4 40. Ke1 Bxa3 0-1

[Event "Famalicao op 6th"]
[Site "Famalicao"]
[Date "2018.08.02"]
[Round "7"]
[White "Leonardo, Joao Paulo L"]
[Black "Castellanos Bogalo, Antonio"]
[Result "1-0"]
[WhiteElo "2231"]
[BlackElo "1943"]
[PlyCount "81"]
[EventDate "2018.07.29"]
[EventType "swiss"]
[EventRounds "9"]
[EventCountry "POR"]
[SourceTitle "CBM 185 Extra"]
[Source "ChessBase"]
[SourceDate "2018.07.29"]
[SourceVersion "1"]
[SourceVersionDate "2018.07.29"]
[SourceQuality "1"]

1. d3 d6 2. g3 g6 3. Bg2 Bg7 4. e4 Nh6 5. Ne2 f6 6. 0-0 Nf7 7. f4 e5 8. f5 gxf5 9. exf5 d5 10. c4 dxc4 11. Qa4+ Bd7 12. Qxc4 Nd6 13. Qg4 Qe7 14. Nbc3 c6 15. Ne4 Nxe4 16. Bxe4 Na6 17. Be3 Bf8 18. Rfc1 Qf7 19. Qf3 Bd6 20. b4 0-0 21. Kh1 Nc7 22. g4 Kh8 23. a3 a5 24. bxa5 Rxa5 25. Rcb1 Rb5 26. a4 Rb4 27. Rxb4 Bxb4 28. Rb1 c5 29. Bxb7 Bxa4 30. Rc1 Qe7 31. Be4 Nb5 32. Qf2 Nd4 33. Nxd4 cxd4 34. Bh6 Rg8 35. g5 Be8 36. Rg1 fxg5 37. f6 Qf7 38. Bg7+ Rxg7 39. fxg7+ Qxg7 40. Qf5 Be7 41. Rc1 1-0

[Event "Famalicao op 6th"]
[Site "Famalicao"]
[Date "2018.08.01"]
[Round "6"]
[White "Galego, Luis"]
[Black "Leonardo, Joao Paulo L"]
[Result "1-0"]
[WhiteElo "2471"]
[BlackElo "2231"]
[PlyCount "113"]
[EventDate "2018.07.29"]
[EventType "swiss"]
[EventRounds "9"]
[EventCountry "POR"]
[SourceTitle "CBM 185 Extra"]
[Source "ChessBase"]
[SourceDate "2018.07.29"]
[SourceVersion "1"]
[SourceVersionDate "2018.07.29"]
[SourceQuality "1"]

1. e4 g6 2. d4 Bg7 3. Nf3 d6 4. c3 Nf6 5. Bd3 0-0 6. 0-0 Nc6 7. Nbd2 e5 8. dxe5 dxe5 9. Nc4 Nd7 10. Bg5 f6 11. Be3 Qe7 12. b4 Kh8 13. Re1 Nd8 14. Qd2 Ne6 15. Rad1 Rd8 16. Qc1 b6 17. g3 Bb7 18. Bh6 Ndf8 19. Bxg7+ Kxg7 20. Qc2 Rd7 21. Bf1 Rad8 22. Ra1 Qf7 23. a4 h6 24. a5 Nh7 25. h4 g5 26. axb6 axb6 27. Ne3 Kh8 28. Bb5 c6 29. Bf1 b5 30. Rad1 Ng7 31. Rxd7 Rxd7 32. c4 bxc4 33. Nxc4 Qe7 34. Qc3 Nf8 35. Bh3 Rc7 36. Kg2 Nge6 37. hxg5 hxg5 38. Bxe6 Qxe6 39. Rh1+ Rh7 40. Rxh7+ Nxh7 41. Na5 Qd7 42. Qc5 Kg7 43. Qa7 Bc8 44. Nxc6 Qxa7 45. Nxa7 Bb7 46. Nd2 f5 47. b5 fxe4 48. Nc6 Nf6 49. Nc4 Kf8 50. Nd6 Ba8 51. Kh3 e3 52. fxe3 Nd5 53. Kg4 Bxc6 54. bxc6 Ke7 55. Nf5+ Kf6 56. e4 Nc7 57. Ne3 1-0

[Event "POR-ch prel"]
[Site "Lisbon"]
[Date "2007.08.15"]
[Round "5"]
[White "Leonardo, Joao Paulo L"]
[Black "Andrade, Jose Manuel Vieira"]
[Result "0-1"]
[WhiteElo "2258"]
[BlackElo "2282"]
[PlyCount "78"]
[EventDate "2007.08.11"]
[EventType "swiss"]
[EventRounds "9"]
[EventCountry "POR"]
[SourceTitle "EXT 2022"]
[Source "ChessBase"]
[SourceDate "2021.10.06"]
[SourceVersion "1"]
[SourceVersionDate "2021.10.06"]
[SourceQuality "1"]

1. e4 e5 2. Bc4 Nf6 3. d3 Bc5 4. Nf3 d6 5. h3 Be6 6. Nbd2 0-0 7. 0-0 c6 8. c3 d5 9. Bb3 dxe4 10. dxe4 Bxb3 11. Qxb3 Qc7 12. Qc2 Nbd7 13. Re1 Rfe8 14. Nf1 Nh5 15. g3 Re6 16. Be3 Be7 17. Rad1 Nf8 18. Qe2 Rg6 19. Kh2 Ne6 20. Rd3 a6 21. Red1 Rd8 22. Rxd8+ Nxd8 23. Rd3 Ne6 24. Qd1 Nf8 25. b4 Re6 26. Ng5 Bxg5 27. Bxg5 Nf6 28. Bxf6 Rxf6 29. Kg2 Re6 30. Ne3 Re7 31. Nc4 c5 32. Ne3 Rd7 33. Nd5 Qc6 34. Qg4 cxb4 35. cxb4 Qg6 36. Qxd7 Qxe4+ 37. Kh2 Nxd7 38. Ne7+ Kf8 39. Rxd7 Ke8 0-1

[Event "POR-ch prel"]
[Site "Lisbon"]
[Date "2007.08.12"]
[Round "2"]
[White "Pintor, Ariana Maciel Abran"]
[Black "Leonardo, Joao Paulo L"]
[Result "0-1"]
[WhiteElo "2084"]
[BlackElo "2258"]
[PlyCount "84"]
[EventDate "2007.08.11"]
[EventType "swiss"]
[EventRounds "9"]
[EventCountry "POR"]
[SourceTitle "EXT 2022"]
[Source "ChessBase"]
[SourceDate "2021.10.06"]
[SourceVersion "1"]
[SourceVersionDate "2021.10.06"]
[SourceQuality "1"]

1. e4 c5 2. Nf3 Nc6 3. d4 cxd4 4. Nxd4 g6 5. Nc3 Bg7 6. Nde2 Nf6 7. g3 b5 8. Bg2 Rb8 9. a3 a5 10. 0-0 0-0 11. h3 d6 12. Re1 Ne5 13. Nd4 b4 14. axb4 axb4 15. Nd5 Bb7 16. Ra4 Nxd5 17. exd5 Qb6 18. b3 Ra8 19. Rxa8 Rxa8 20. Bg5 h6 21. Be3 Qa5 22. f4 Nd7 23. Bf2 Re8 24. Qa1 Qa3 25. Qxa3 bxa3 26. Ra1 Ra8 27. Ra2 Kf8 28. Nb5 Bb2 29. Bd4 Ra5 30. Nc3 Nf6 31. Ne2 Bxd4+ 32. Nxd4 Bxd5 33. c4 Bxg2 34. Kxg2 Ne4 35. Nc2 Nd2 36. b4 Ra8 37. Rxa3 Rc8 38. b5 Nxc4 39. Ra6 Rb8 40. Nd4 e5 41. fxe5 dxe5 42. Rc6 Ne3+ 0-1

[Event "Lisbon Masters"]
[Site "Lisbon"]
[Date "2007.05.25"]
[Round "5"]
[White "Reis, Luis Sousa"]
[Black "Leonardo, Joao Paulo L"]
[Result "0-1"]
[WhiteElo "2250"]
[BlackElo "2285"]
[PlyCount "108"]
[EventDate "2007.05.21"]
[EventType "tourn"]
[EventRounds "9"]
[EventCountry "POR"]
[EventCategory "4"]
[SourceTitle "CBM 118 Extra"]
[Source "ChessBase"]
[SourceDate "2007.07.04"]
[SourceVersion "1"]
[SourceVersionDate "2007.07.04"]
[SourceQuality "1"]

1. d4 d6 2. c4 e5 3. dxe5 dxe5 4. Qxd8+ Kxd8 5. Nc3 Be6 6. b3 Nd7 7. Bb2 Bc5 8. e3 f6 9. 0-0-0 Nh6 10. h3 c6 11. Ne4 Be7 12. g4 Kc7 13. Nf3 a5 14. Nc3 Nf7 15. Nd5+ cxd5 16. cxd5 Bxd5 17. Rxd5 Nb6 18. Rd2 a4 19. Rc2+ Kb8 20. g5 axb3 21. axb3 Ra5 22. Rg1 Rc8 23. Rxc8+ Kxc8 24. gxf6 Bxf6 25. Bd3 h6 26. Kb1 Nd6 27. Rc1+ Kd7 28. Bg6 e4 29. Nd2 Bxb2 30. Kxb2 Re5 31. Nc4 Nbxc4+ 32. bxc4 b6 33. Kc3 Ke7 34. h4 Kf6 35. h5 Nxc4 36. Kd4 Na5 37. Rc3 b5 38. Rc7 Ke6 39. Rxg7 Nc6+ 40. Kc3 Rc5+ 41. Kb3 Kd5 42. Rh7 Na5+ 43. Kb4 Nc6+ 44. Kb3 Na5+ 45. Kb4 Nc6+ 46. Ka3 Ne5 47. Rxh6 Kc4 48. Bxe4 Kc3 49. Ka2 b4 50. f4 b3+ 51. Kb1 Nc4 52. Rc6 Nd2+ 53. Ka1 b2+ 54. Ka2 Rxc6 0-1

[Event "Lisbon Masters"]
[Site "Lisbon"]
[Date "2007.05.24"]
[Round "4"]
[White "Leonardo, Joao Paulo L"]
[Black "Dias, Paulo Jorge Guimara"]
[Result "0-1"]
[WhiteElo "2285"]
[BlackElo "2417"]
[PlyCount "66"]
[EventDate "2007.05.21"]
[EventType "tourn"]
[EventRounds "9"]
[EventCountry "POR"]
[EventCategory "4"]
[SourceTitle "CBM 118 Extra"]
[Source "ChessBase"]
[SourceDate "2007.07.04"]
[SourceVersion "1"]
[SourceVersionDate "2007.07.04"]
[SourceQuality "1"]

1. d3 d5 2. Nf3 g6 3. g3 Bg7 4. Bg2 e5 5. 0-0 Ne7 6. Nc3 0-0 7. e4 d4 8. Ne2 c5 9. Nh4 Nbc6 10. f4 exf4 11. Bxf4 Ne5 12. h3 Be6 13. b3 Qd7 14. Kh2 h6 15. Bd2 g5 16. Nf5 Nxf5 17. exf5 Bxf5 18. Rxf5 Qxf5 19. g4 Nxg4+ 20. hxg4 Qxg4 21. Qf1 Rae8 22. Re1 Re6 23. Qf3 Qh4+ 24. Kg1 Rfe8 25. Bf1 Be5 26. Qg2 Bd6 27. Rd1 Qh5 28. Re1 Kh8 29. Ng3 Bxg3 30. Qxg3 Rxe1 31. Bxe1 f5 32. Bf2 f4 33. Qg2 g4 0-1

[Event "Barreiro Mestres"]
[Site "Barreiro"]
[Date "2006.11.15"]
[Round "2"]
[White "Galego, Luis"]
[Black "Leonardo, Joao Paulo L"]
[Result "1-0"]
[WhiteElo "2533"]
[BlackElo "2282"]
[PlyCount "107"]
[EventDate "2006.11.14"]
[EventType "tourn"]
[EventRounds "9"]
[EventCountry "POR"]
[EventCategory "6"]
[SourceTitle "CBM 115 Extra"]
[Source "ChessBase"]
[SourceDate "2007.01.10"]
[SourceVersion "1"]
[SourceVersionDate "2007.01.10"]
[SourceQuality "1"]

1. e4 d6 2. d4 Nf6 3. Nc3 g6 4. Bg5 Bg7 5. Nf3 h6 6. Be3 a6 7. h3 b5 8. e5 Nfd7 9. e6 fxe6 10. Nh4 Nf8 11. Nxg6 Nxg6 12. Qh5 Kd7 13. Qxg6 Qf8 14. Qe4 c6 15. 0-0-0 Kc7 16. Be2 Qf5 17. Qg4 Qf7 18. Qf3 Qxf3 19. Bxf3 Nd7 20. Ne2 Nb6 21. Nf4 Nd5 22. Rhe1 Bf6 23. Bd2 Nxf4 24. Bxf4 h5 25. g3 Bd7 26. h4 Raf8 27. Re4 Kd8 28. Rd3 d5 29. Re1 Bxh4 30. Rh1 Bf6 31. Rxh5 Rxh5 32. Bxh5 Rh8 33. g4 Be8 34. Bxe8 Kxe8 35. g5 Bg7 36. Kd2 Rh4 37. Ke3 Kf7 38. Kf3 Rh8 39. Kg4 Rc8 40. c3 c5 41. dxc5 Rxc5 42. Kh5 Rc8 43. g6+ Kg8 44. Bg5 Rf8 45. f4 Rf5 46. Re3 e5 47. fxe5 Bxe5 48. Kg4 e6 49. Bh6 a5 50. Re2 a4 51. b3 axb3 52. axb3 Bxc3 53. Rxe6 Re5 54. Rc6 1-0

[Event "Torres Novas 1st"]
[Site "Torres Novas"]
[Date "2005.01.10"]
[Round "6.3"]
[White "Damaso, Rui"]
[Black "Leonardo, Joao Paulo L"]
[Result "1/2-1/2"]
[WhiteElo "2444"]
[BlackElo "2272"]
[PlyCount "35"]
[EventDate "2005.01.10"]
[EventType "tourn"]
[EventRounds "9"]
[EventCountry "POR"]
[EventCategory "4"]
[SourceTitle "CBM 104 Extra"]
[Source "ChessBase"]
[SourceDate "2005.03.01"]
[SourceVersion "1"]
[SourceVersionDate "2005.03.01"]
[SourceQuality "1"]

1. Nf3 b6 2. g3 Bb7 3. Bg2 c5 4. 0-0 e6 5. c4 Nf6 6. Nc3 Be7 7. b3 d6 8. Bb2 Nbd7 9. e3 0-0 10. d4 a6 11. Re1 Ne4 12. d5 Nxc3 13. Bxc3 e5 14. e4 b5 15. Bf1 b4 16. Bd2 a5 17. a3 Nf6 18. Ra2 1/2-1/2

[Event "Torres Novas 1st"]
[Site "Torres Novas"]
[Date "2005.01.10"]
[Round "9.2"]
[White "Leonardo, Joao Paulo L"]
[Black "Rocha, Sergio MC"]
[Result "1/2-1/2"]
[WhiteElo "2272"]
[BlackElo "2400"]
[PlyCount "40"]
[EventDate "2005.01.10"]
[EventType "tourn"]
[EventRounds "9"]
[EventCountry "POR"]
[EventCategory "4"]
[SourceTitle "CBM 104 Extra"]
[Source "ChessBase"]
[SourceDate "2005.03.01"]
[SourceVersion "1"]
[SourceVersionDate "2005.03.01"]
[SourceQuality "1"]

1. Nc3 d5 2. g3 e5 3. d3 c5 4. Bg2 Be6 5. e4 d4 6. Nb1 Bd6 7. Ne2 Ne7 8. f4 f6 9. 0-0 Nbc6 10. Nd2 Qd7 11. Nf3 0-0-0 12. fxe5 Nxe5 13. Nf4 Kb8 14. Nxe5 Bxe5 15. Nxe6 Qxe6 16. b3 Nc6 17. Bd2 Bc7 18. Qh5 Ne5 19. Qf5 Rde8 20. Qxe6 Rxe6 1/2-1/2

[Event "Lisbon IM"]
[Site "Lisbon"]
[Date "2003.12.22"]
[Round "9"]
[White "Leonardo, Joao Paulo L"]
[Black "Santos, Antonio Pereira"]
[Result "1-0"]
[WhiteElo "2245"]
[BlackElo "2226"]
[PlyCount "99"]
[EventDate "2003.12.15"]
[EventType "tourn"]
[EventRounds "9"]
[EventCountry "POR"]
[EventCategory "2"]
[SourceTitle "CBM 097 Extra"]
[Source "ChessBase"]
[SourceDate "2004.01.13"]
[SourceVersion "1"]
[SourceVersionDate "2004.01.13"]
[SourceQuality "1"]

1. e4 e6 2. Nc3 c5 3. Nf3 Nc6 4. Bb5 Nge7 5. 0-0 a6 6. Bxc6 Nxc6 7. d4 cxd4 8. Nxd4 Be7 9. Re1 0-0 10. Be3 d6 11. f4 Bd7 12. Nde2 Na5 13. Qd3 Rc8 14. b3 b5 15. a3 Qc7 16. Red1 Rfd8 17. Rac1 Bc6 18. Nb1 Nb7 19. b4 Be8 20. Nd2 f6 21. f5 e5 22. c4 Bf8 23. cxb5 Bxb5 24. Qd5+ Qf7 25. Nc3 Qxd5 26. Nxd5 Bd3 27. Bb6 Re8 28. Kf2 Kf7 29. Ke3 Bc2 30. Rf1 Ba4 31. Nc7 Re7 32. Nxa6 Rxc1 33. Rxc1 g6 34. fxg6+ hxg6 35. Nc7 f5 36. Ke2 Rd7 37. Nd5 Bb5+ 38. Ke1 Bd3 39. exf5 gxf5 40. Rc3 e4 41. a4 Bh6 42. a5 Nd8 43. Rxd3 exd3 44. a6 Nc6 45. b5 Ne5 46. Kd1 Bxd2 47. Kxd2 Ke6 48. Nf4+ Ke7 49. Bd4 Kd8 50. a7 1-0

[Event "Lisbon IM"]
[Site "Lisbon"]
[Date "2003.12.21"]
[Round "8"]
[White "Guerra, Vitor Manuel Vestia"]
[Black "Leonardo, Joao Paulo L"]
[Result "0-1"]
[WhiteElo "2266"]
[BlackElo "2245"]
[PlyCount "66"]
[EventDate "2003.12.15"]
[EventType "tourn"]
[EventRounds "9"]
[EventCountry "POR"]
[EventCategory "2"]
[SourceTitle "CBM 097 Extra"]
[Source "ChessBase"]
[SourceDate "2004.01.13"]
[SourceVersion "1"]
[SourceVersionDate "2004.01.13"]
[SourceQuality "1"]

1. d4 g6 2. c4 Bg7 3. Nc3 d6 4. e4 Nc6 5. Be3 e5 6. Nge2 Nh6 7. d5 Ne7 8. f3 f5 9. Qd2 Nf7 10. g3 0-0 11. 0-0-0 a6 12. Kb1 Bd7 13. Nc1 Rb8 14. Nd3 c5 15. dxc6 bxc6 16. Nc5 Bc8 17. Nb3 Be6 18. Be2 a5 19. Qc2 Qc8 20. f4 fxe4 21. Nxe4 a4 22. Nc1 Nf5 23. Bf2 exf4 24. b3 axb3 25. Nxb3 f3 26. Bxf3 Rb4 27. Be2 Qa8 28. Ned2 Rfb8 29. g4 Nd4 30. Bxd4 Bxd4 31. h4 Ne5 32. Rh3 c5 33. Nf3 Rxb3+ 0-1

[Event "Lisbon IM"]
[Site "Lisbon"]
[Date "2003.12.20"]
[Round "7"]
[White "Leonardo, Joao Paulo L"]
[Black "Cordovil, Joao Maria"]
[Result "1-0"]
[WhiteElo "2245"]
[BlackElo "2261"]
[PlyCount "233"]
[EventDate "2003.12.15"]
[EventType "tourn"]
[EventRounds "9"]
[EventCountry "POR"]
[EventCategory "2"]
[SourceTitle "CBM 097 Extra"]
[Source "ChessBase"]
[SourceDate "2004.01.13"]
[SourceVersion "1"]
[SourceVersionDate "2004.01.13"]
[SourceQuality "1"]

1. d3 d5 2. Nf3 c5 3. g3 Nc6 4. Bg2 e6 5. 0-0 Nf6 6. Nc3 Be7 7. e4 d4 8. Ne2 e5 9. Ne1 h5 10. h3 h4 11. g4 Nh7 12. f4 f6 13. f5 Nf8 14. Nf3 g5 15. fxg6 Nxg6 16. c3 Be6 17. cxd4 cxd4 18. Bd2 Qd7 19. Nh2 a6 20. b4 Nd8 21. a3 Nf7 22. Kh1 Qb5 23. Qb1 Qa4 24. Nf3 0-0-0 25. Qb2 Kb8 26. Rfc1 Ng5 27. Neg1 Rc8 28. Bf1 Nxf3 29. Nxf3 Qb3 30. Qxb3 Bxb3 31. Be2 Ba4 32. Kh2 Rxc1 33. Rxc1 Bb5 34. Bf1 Bf8 35. g5 Be7 36. gxf6 Bxf6 37. Be2 Rc8 38. Ne1 Rf8 39. Kg2 Be7 40. Nf3 Bd7 41. Rg1 Kc7 42. Kh2 Nf4 43. Bxf4 Rxf4 44. Rg7 Bf6 45. Rh7 Kd6 46. Kg2 b6 47. Rh6 Be6 48. Nh2 Ke7 49. Rh7+ Kd6 50. Bg4 Bb3 51. Ra7 Bc2 52. Be2 Bd8 53. Ng4 Rf8 54. Rxa6 Bc7 55. a4 Kc6 56. Ra7 Bb8 57. b5+ Kd6 58. Ra8 Kc7 59. a5 Kb7 60. Ra6 bxa5 61. Rxa5 Kb6 62. Ra8 Kb7 63. Ra6 Rc8 64. Nf6 Bb3 65. Nd7 Rc2 66. Kf1 Bc7 67. Bg4 Rc1+ 68. Kf2 Rc2+ 69. Be2 Kc8 70. Nf6 Bc4 71. dxc4 d3 72. Ke3 dxe2 73. Kf2 Kb7 74. Nd5 Rxc4 75. Rc6 Ba5 76. Kxe2 Rxe4+ 77. Kf3 Rd4 78. Rd6 Bb4 79. Rb6+ Ka7 80. Ra6+ Kb7 81. Nf6 Rf4+ 82. Ke2 Bc5 83. Rc6 Bd4 84. Ng4 Re4+ 85. Kf3 Re1 86. Re6 Rb1 87. Nxe5 Rxb5 88. Ng6 Rb3+ 89. Kg4 Bf2 90. Re2 Bg3 91. Nxh4 Bc7 92. Nf3 Rb4+ 93. Kg5 Kc8 94. Rc2 Kd7 95. Rd2+ Ke6 96. Rd3 Bd6 97. Nd4+ Kf7 98. Rf3+ Kg8 99. Nf5 Bf8 100. h4 Rb5 101. Kf6 Rb6+ 102. Kg5 Kh7 103. Rd3 Rb7 104. Rf3 Rf7 105. Kg4 Bg7 106. Re3 Bf8 107. Re6 Bb4 108. h5 Bd2 109. Re8 Bb4 110. Re6 Bc3 111. Nd6 Rg7+ 112. Kf5 Ra7 113. Ne4 Ra5+ 114. Kg4 Ra4 115. Kh3 Be1 116. Ng5+ Kg7 117. h6+ 1-0

[Event "Almada"]
[Site "Almada"]
[Date "2003.??.??"]
[Round "?"]
[White "Leonardo, Joao Paulo L"]
[Black "Oliveira, Marco Alexandre Aze"]
[Result "1-0"]
[WhiteElo "2255"]
[BlackElo "2161"]
[PlyCount "87"]
[EventDate "2003.??.??"]
[EventType "tourn"]
[EventRounds "9"]
[EventCountry "POR"]
[SourceTitle "EXT 2007"]
[Source "ChessBase"]
[SourceDate "2006.11.23"]
[SourceVersion "1"]
[SourceVersionDate "2006.11.23"]
[SourceQuality "1"]

1. e4 c5 2. d3 Nc6 3. f4 d6 4. Nf3 g6 5. g3 Bg4 6. c3 Bg7 7. Bg2 h5 8. h3 Bd7 9. Na3 e6 10. Nc4 Qc7 11. Qe2 b5 12. Ne3 Nge7 13. 0-0 0-0 14. Nh4 f5 15. exf5 exf5 16. Nd5 Nxd5 17. Bxd5+ Kh7 18. Qf3 Rae8 19. Bd2 Ne7 20. Bb3 Bc6 21. Qf2 Bb7 22. Bd1 Bf6 23. Ng2 b4 24. Bf3 Bxf3 25. Qxf3 Qc6 26. cxb4 Bxb2 27. Rab1 Bd4+ 28. Kh1 Qxf3 29. Rxf3 Nd5 30. bxc5 Bxc5 31. Rb7+ Kg8 32. d4 Bb6 33. Nh4 Rf7 34. Rxf7 Kxf7 35. Rd3 Rc8 36. Nf3 Rc2 37. a3 Nf6 38. Kg1 Ne4 39. Be1 Ke6 40. Kf1 Rc4 41. Ke2 Rc2+ 42. Kd1 Rg2 43. Nh4 Rg1 44. Ke2 1-0

[Event "Marques de Pombal op-2"]
[Site "Pombal"]
[Date "2002.11.10"]
[Round "5"]
[White "Ulyanovskyy, Viktor"]
[Black "Leonardo, Joao Paulo L"]
[Result "1-0"]
[WhiteElo "2241"]
[BlackElo "2255"]
[PlyCount "59"]
[EventDate "2002.11.11"]
[EventType "rapid"]
[EventRounds "8"]
[EventCountry "POR"]
[SourceTitle "CBM 091 Extra"]
[Source "ChessBase"]
[SourceDate "2003.01.09"]
[SourceVersion "1"]
[SourceVersionDate "2003.01.09"]
[SourceQuality "1"]

1. e4 g6 2. d4 Bg7 3. c3 d6 4. f4 Nf6 5. Bd3 0-0 6. Nf3 c5 7. 0-0 cxd4 8. cxd4 Nc6 9. d5 Nb4 10. Nc3 Nxd3 11. Qxd3 a6 12. Be3 b5 13. b4 Bd7 14. Bd4 Qc7 15. Rac1 Qb7 16. Nd1 Rfc8 17. Ne3 Rc7 18. Rc2 Rac8 19. Rfc1 Rxc2 20. Rxc2 Rxc2 21. Qxc2 Ng4 22. Nxg4 Bxg4 23. Bxg7 Kxg7 24. Qc3+ Kg8 25. Nd4 Bd7 26. Nc6 Qb6+ 27. Kf1 e6 28. h3 Be8 29. Ne7+ Kf8 30. Nc8 1-0